Callas: La diva et le vinyle

محفوظ في:
التفاصيل البيبلوغرافية
المؤلف الرئيسي: Réal La Rochelle
التنسيق: كتاب
اللغة:Undetermined
منشور في: Montréal, Canada Triptyque 1988
الموضوعات:
الوسوم: إضافة وسم
لا توجد وسوم, كن أول من يضع وسما على هذه التسجيلة!
Thư viện lưu trữ: Trung tâm Học liệu Trường Đại học Cần Thơ
LEADER 00543nam a2200181Ia 4500
001 CTU_41287
008 210402s9999 xx 000 0 und d
082 |a 782.1 
082 |b R673 
100 |a Réal La Rochelle 
245 0 |a Callas: La diva et le vinyle 
245 0 |c Réal La Rochelle 
260 |a Montréal, Canada 
260 |b Triptyque 
260 |c 1988 
650 |a callas, maria, 1923-1977 - discography,cultural industry,sound recordings 
904 |i Minh, 010517 
980 |a Trung tâm Học liệu Trường Đại học Cần Thơ